A theoryof global capitalism: production, class, and state /
El autor describe su teoría del capitalismo global. Se resumen las diversas posiciones, análisis, y propuestas teóricas de los años recientes con respecto a la globalización. Se señalan dos dimensiones de la globalización que el autor considera que han sido descuidadas: el surgimiento de una clase c...
Salvato in:
| Autore principale: | |
|---|---|
| Natura: | Sconosciuto |
| Lingua: | English |
| Pubblicazione: |
Maryland :
The Johns Hopkins University Press,
|
| Soggetti: | |
| Tags: |
Aggiungi Tag
Nessun Tag, puoi essere il primo ad aggiungerne!!
|
MARC
| LEADER | 00000 a2200000 04500 | ||
|---|---|---|---|
| 001 | 40109 | ||
| 003 | cru CIDCACS/IIS | ||
| 005 | 20171109113034.0 | ||
| 008 | 050626s2004 mdu eng d | ||
| 999 | |c 16801 |d 16801 | ||
| 020 | |a 0-8018-7927-2 | ||
| 040 | |c CIDCACS/IIS | ||
| 090 | |a 05.03.04 R666th | ||
| 100 | |a Robinson, William I. | ||
| 245 | |a A theoryof global capitalism: |b production, class, and state / |c William I. Robinson | ||
| 260 | |a Maryland : |b The Johns Hopkins University Press, | ||
| 300 | |a 200 páginas | ||
| 500 | |a Colección Cambio Social donada por Paul Almeida | ||
| 520 | |a El autor describe su teoría del capitalismo global. Se resumen las diversas posiciones, análisis, y propuestas teóricas de los años recientes con respecto a la globalización. Se señalan dos dimensiones de la globalización que el autor considera que han sido descuidadas: el surgimiento de una clase capitalista transnacional y el surgimiento de un estado transnacional. Finalmente, se exploran las contradicciones que vuelven inestable el curso actual de la globalización, y las posibilidades de futuras alternativas para la sociedad global. Se concluye que la lucha global contra el capital transnacional se tiene que transformar en una lucha global a favor de una alternativa socialista democrática. | ||
| 590 | |a DISEMINAR062011/EFU/JULIO2011 | ||
| 650 | |a GLOBALIZACION | ||
| 650 | |a CAPITALISMO | ||
| 650 | |a ESTADO | ||
| 650 | |a SOCIOLOGIA | ||
| 650 | |a TEORIA | ||
| 942 | |2 ddc |c LI | ||



